| 000 | 00723nam a2200241Ia 4500 | ||
|---|---|---|---|
| 005 | 20220217143811.0 | ||
| 008 | 210716s2017 xx 000 0 und d | ||
| 020 | _a9789352604180 | ||
| 040 | _cAIMIT LIBRARY | ||
| 041 | _aeng | ||
| 082 |
_a658.4038011 _bMAHA |
||
| 100 |
_aMaheshwari, Anil. _919419 |
||
| 245 |
_aData analytics / _cBy Dr. Anil Maheshwari. |
||
| 250 | _a1st ed. | ||
| 260 |
_aNew Delhi : _bMc Graw Hill , _c2017. |
||
| 300 |
_axviii,250p ; _c24 cm. |
||
| 650 |
_aData Analytics. _919420 |
||
| 650 |
_aData Warehousing. _920593 |
||
| 650 |
_aData Mining. _920594 |
||
| 650 |
_aData Visualization.. _920595 |
||
| 650 |
_aArtificial Neural Networks. _920596 |
||
| 942 |
_2ddc _cBK _e1st _k658.4038011 MAHA |
||
| 999 |
_c210234 _d210234 |
||